Asian Geography By Letter - K - Statistics

General Stats
  • This quiz has been taken 58,260 times
    57,670 since last reset
  • The average score is 14 of 20
Answer Stats
Clue Answer % Correct
World's largest landlocked country Kazakhstan
94%
Capital of Malaysia Kuala Lumpur
94%
Capital of Afghanistan Kabul
91%
Former capital of Japan Kyoto
89%
Country with about 6% of the world's oil reserves Kuwait
88%
World's second tallest mountain K2
86%
Peninsula separated by a DMZ Korea
86%
Country just south of the above Kyrgyzstan
86%
Capital of Nepal Kathmandu
82%
City formerly known as Calcutta Kolkata
72%
Ethnic area in northern Iraq, and parts of Syria and Turkey Kurdistan
70%
Japanese city famous for beef Kobe
67%
Region that cashmere wool comes from Kashmir
66%
Official language of Cambodia Khmer
65%
Biggest city in Pakistan Karachi
64%
Volcano that erupted in 1883, destroying 2/3rds of the island Krakatoa
59%
Mountain pass between Afghanistan and Pakistan {Khyber} Pass
41%
Major peninsula of far east Russia Kamchatka
38%
Peninsula directly north of Hong Kong island Kowloon
28%
Southwestern Indian state with Christian heritage and a relatively high standard of living Kerala
26%
No matching quizzes found
Score Distribution
Percent of People with Each Score
Percentile by Number Answered
Your Score History
You have not taken this quiz since the last reset